Analogy in word-formation : (Record no. 1492829)

MARC details
000 -LEADER
fixed length control field 01441nam a2200385 a 4500
001 - CONTROL NUMBER
control field vtls002057289
003 - CONTROL NUMBER IDENTIFIER
control field NLI
005 - DATE AND TIME OF LATEST TRANSACTION
control field 20210701090831.0
008 - FIXED-LENGTH DATA ELEMENTS--GENERAL INFORMATION
fixed length control field 191127s2017 gw g |01 0 eng d
020 ## - INTERNATIONAL STANDARD BOOK NUMBER
International Standard Book Number 9783110548594
Terms of availability € 99.95
039 #9 - LEVEL OF BIBLIOGRAPHIC CONTROL AND CODING DETAIL [OBSOLETE]
Level of rules in bibliographic description 202010311311
Level of effort used to assign nonsubject heading access points atanum
Level of effort used to assign subject headings 202010261351
Level of effort used to assign classification somnathp
-- 201911271745
-- krishanuc
040 ## - CATALOGING SOURCE
Original cataloging agency NLI
Language of cataloging eng
041 0# - LANGUAGE CODE
Language code of text/sound track or separate title eng
044 ## - COUNTRY OF PUBLISHING/PRODUCING ENTITY CODE
MARC country code gw
082 04 - DEWEY DECIMAL CLASSIFICATION NUMBER
Classification number 428.2
Edition number 22
100 1# - MAIN ENTRY--PERSONAL NAME
Personal name Mattiello, Elisa
9 (RLIN) 1382976
245 10 - TITLE STATEMENT
Title Analogy in word-formation :
Remainder of title a study of english neologisms and occasionalisms /
Statement of responsibility, etc. Elisa Mattiello ; edited by Volker Gast
260 ## - PUBLICATION, DISTRIBUTION, ETC.
Place of publication, distribution, etc. Berlin :
Name of publisher, distributor, etc. Walter de Gruyter,
Date of publication, distribution, etc. 2017
300 ## - PHYSICAL DESCRIPTION
Extent x, 247 p. :
Dimensions 24 cm.
440 #0 - SERIES STATEMENT/ADDED ENTRY--TITLE
Title Trends in linguistics, Studies and monographs;
Volume/sequential designation 309
9 (RLIN) 1249468
504 ## - BIBLIOGRAPHY, ETC. NOTE
Bibliography, etc. note Includes bibliographical references and index
650 #0 - SUBJECT ADDED ENTRY--TOPICAL TERM
Topical term or geographic name entry element English language
General subdivision Morphology
9 (RLIN) 1111298
650 #0 - SUBJECT ADDED ENTRY--TOPICAL TERM
Topical term or geographic name entry element Grammar, Comparative and general
General subdivision Word formation
9 (RLIN) 945209
700 1# - ADDED ENTRY--PERSONAL NAME
Personal name Gast, Volker,
Relationship edt
9 (RLIN) 1382977
887 ## - NON-MARC INFORMATION FIELD
Content of non-MARC field Somnath Panja Atanu Mitra 19
901 ## - LOCAL DATA ELEMENT A, LDA (RLIN)
a 578036 :
b 13.02.2020
902 ## - LOCAL DATA ELEMENT B, LDB (RLIN)
a E 428.2 M 435
903 ## - LOCAL DATA ELEMENT C, LDC (RLIN)
a krishanu
904 ## - LOCAL DATA ELEMENT D, LDD (RLIN)
a Somnath Panja
905 ## - LOCAL DATA ELEMENT E, LDE (RLIN)
a Atanu Mitra 19
949 ## - LOCAL PROCESSING INFORMATION (OCLC)
-- VIRTUAITEM
-- 10000
-- 100
6 PUR000578036ENG
e 578036 dt.13.02.2020
942 ## - ADDED ENTRY ELEMENTS (KOHA)
Source of classification or shelving scheme Dewey Decimal Classification
Koha item type Books
Holdings
Withdrawn status Lost status Damaged status Not for loan Collection code Home library Current library Shelving location Date acquired Total Checkouts Full call number Barcode Date last seen Price effective from Koha item type
        New English National Library of India National Library of India New English - Main Stack Division     E 428.2 M 435 PUR000578036ENG 01/07/2021 01/07/2021 Books
                                                                           
web counter

Copyright ©2020 The National Library of India, Govt. of India ↔ Hosted by NVLI, MOC ↔ Technology and Design by National Library of India, Ministry of Culture, Govt. of India